| 000 | 00975nam a22002537a 4500 | ||
|---|---|---|---|
| 005 | 20240530110856.0 | ||
| 008 | 181226s2018 ua ac f b 000 |dara d | ||
| 017 |
_a2017/22935 _bمصر. دار الكتب |
||
| 020 | _a9789776518537 | ||
| 040 |
_aEG-CaGPL _cEG-CaGPL |
||
| 082 | 0 | 4 |
_221 _a962.074 / _bق/ن م |
| 100 | 0 | _aنصر محمد سالم | |
| 245 | 1 | 0 |
_a180 يوم خلف خطوط العدو / _cنصر محمد سالم |
| 250 | _aط.1 | ||
| 260 |
_aالقاهرة : _bفرست بوك، _c2018. |
||
| 300 |
_a147 ص. : _bايض ؛ _c20 سم. |
||
| 504 | _aيشتمل على ارجاعات ببليوجرافية | ||
| 650 | 0 | 7 |
_2qrmak _aحرب اكتوبر 1973م _zمصر |
| 651 | 0 | 7 |
_2qrmak _aمصر _xالاحوال السياسية |
| 651 | 0 | 7 |
_2qrmak _aمصر _xتاريخ _yالعصر الحديث |
| 651 | 0 | 7 |
_2qrmak _aمصر _xتاريخ _yالعصر الحديث _xانور السادات ( 1971م - 1981م ) |
| 942 |
_2ddc _cBK |
||
| 999 |
_c66049 _d66049 |
||